[Event "Titled Tuesday intern op 19th Dec Early"]
[Site "Chess.com INT"]
[Date "2023.12.19"]
[Round "1"]
[White "Lohani, Sujana"]
[Black "Aaron, Deepak"]
[Result "0-1"]
[WhiteElo "1756"]
[BlackElo "2296"]
[PlyCount "30"]
[EventDate "2023.12.19"]
[EventType "swiss (blitz)"]
[EventRounds "11"]
[EventCountry "USA"]
[SourceTitle "CB52_2023"]
[SourceDate "2023.12.27"]
[SourceVersion "1"]
[SourceVersionDate "2023.12.27"]
[SourceQuality "1"]

1. d4 e6 2. c4 f5 3. e4 fxe4 4. Nc3 Nf6 5. f3 Bb4 6. Bg5 0-0 7. fxe4 h6 8. Bxf6 Qxf6 9. Nf3 c5 10. e5 Qf4 11. Be2 Nc6 12. g3 Qe3 13. Qd3 Rxf3 14. Qxe3 Rxe3 15. Kd2 cxd4 0-1

[Event "Titled Tuesday intern op 19th Dec Early"]
[Site "Chess.com INT"]
[Date "2023.12.19"]
[Round "4"]
[White "Lohani, Sujana"]
[Black "Vargas, Mauricio"]
[Result "0-1"]
[WhiteElo "1756"]
[BlackElo "1981"]
[PlyCount "46"]
[EventDate "2023.12.19"]
[EventType "swiss (blitz)"]
[EventRounds "11"]
[EventCountry "USA"]
[SourceTitle "CB52_2023"]
[SourceDate "2023.12.27"]
[SourceVersion "1"]
[SourceVersionDate "2023.12.27"]
[SourceQuality "1"]

1. d4 d5 2. c4 e6 3. Nc3 c6 4. cxd5 exd5 5. Nf3 Bd6 6. a3 h6 7. Be3 Nf6 8. Qd2 Bf5 9. h4 Qc7 10. 0-0-0 Ng4 11. g3 0-0 12. Bh3 h5 13. Bxg4 hxg4 14. Ng5 f6 15. f3 fxg5 16. fxg4 Bxg4 17. hxg5 Bxg3 18. Rdg1 Bf5 19. Rg2 Bg6 20. Bg1 Rf1+ 21. Nd1 Qf4 22. Be3 Qf5 23. Rxf1 Qb1# 0-1

[Event "Titled Tuesday intern op 12th Dec Early"]
[Site "Chess.com INT"]
[Date "2023.12.12"]
[Round "6"]
[White "Lohani, Sujana"]
[Black "Luukkonen, Tommi"]
[Result "0-1"]
[WhiteElo "1756"]
[BlackElo "2323"]
[PlyCount "68"]
[EventDate "2023.12.12"]
[EventType "swiss (blitz)"]
[EventRounds "11"]
[EventCountry "USA"]
[SourceTitle "CB51_2023"]
[SourceDate "2023.12.20"]
[SourceVersion "1"]
[SourceVersionDate "2023.12.20"]
[SourceQuality "1"]

1. d4 Nf6 2. c4 g6 3. Nc3 Bg7 4. e4 0-0 5. f3 d6 6. Bd3 c5 7. d5 e6 8. Nge2 exd5 9. cxd5 Na6 10. Bxa6 bxa6 11. 0-0 a5 12. a4 Re8 13. Bg5 h6 14. Bh4 Ba6 15. Re1 Qb6 16. Qd2 Nd7 17. Bg3 Ne5 18. Bxe5 Rxe5 19. Ng3 Rb8 20. Rab1 Ree8 21. f4 Qb3 22. f5 Qc4 23. fxg6 fxg6 24. e5 Rxe5 25. Rxe5 dxe5 26. d6 Qd4+ 27. Qxd4 exd4 28. Nd5 Rd8 29. Ne4 Bd3 30. Re1 Bxe4 31. Rxe4 Rxd6 32. Ne7+ Kh7 33. Nc8 d3 34. Nxd6 d2 0-1

[Event "Titled Tuesday intern op 12th Sep Early"]
[Site "Chess.com INT"]
[Date "2023.09.12"]
[Round "10"]
[White "Vargas, Mauricio"]
[Black "Lohani, Sujana"]
[Result "0-1"]
[WhiteElo "1961"]
[BlackElo "1756"]
[PlyCount "58"]
[EventDate "2023.09.12"]
[EventType "swiss (blitz)"]
[EventRounds "11"]
[EventCountry "USA"]
[SourceTitle "EXT 2024"]
[Source "ChessBase"]
[SourceDate "2023.10.10"]
[SourceVersion "1"]
[SourceVersionDate "2023.10.10"]
[SourceQuality "1"]

1. e4 g6 2. Nc3 Bg7 3. f4 d6 4. Nf3 c5 5. Bb5+ Bd7 6. Bxd7+ Nxd7 7. d3 Ngf6 8. 0-0 0-0 9. Qe1 a6 10. Qh4 e5 11. f5 Nh5 12. Bg5 Qb6 13. b3 c4+ 14. Kh1 cxd3 15. cxd3 Rac8 16. Nd5 Qb5 17. Ne7+ Kh8 18. Nxc8 Rxc8 19. fxg6 fxg6 20. Rac1 Nc5 21. d4 exd4 22. Nxd4 Bxd4 23. Qg4 Re8 24. Rf7 Kg8 25. Rcf1 Bg7 26. Qf3 Qd3 27. Rxg7+ Kh8 28. Bh6 Qxf3 29. gxf3 Nxe4 0-1

[Event "Titled Tuesday intern op 01st Aug Early"]
[Site "Chess.com INT"]
[Date "2023.08.01"]
[Round "3"]
[White "Keleberda, Timur"]
[Black "Lohani, Sujana"]
[Result "1-0"]
[WhiteElo "2301"]
[BlackElo "1756"]
[PlyCount "107"]
[EventDate "2023.08.01"]
[EventType "swiss (blitz)"]
[EventRounds "11"]
[EventCountry "USA"]
[SourceTitle "EXT 2024"]
[Source "ChessBase"]
[SourceDate "2023.10.10"]
[SourceVersion "1"]
[SourceVersionDate "2023.10.10"]
[SourceQuality "1"]

1. d4 Nf6 2. c4 d6 3. Nf3 g6 4. g3 Bg7 5. Bg2 0-0 6. Nc3 Nc6 7. 0-0 e5 8. e4 exd4 9. Nxd4 Ne5 10. b3 h5 11. h3 Bd7 12. Bg5 Qc8 13. Kh2 Nh7 14. Be3 g5 15. f4 gxf4 16. gxf4 Ng6 17. Qxh5 Nf6 18. Qg5 Nh7 19. Qg3 Kh8 20. Rad1 Rg8 21. Nd5 c6 22. Ne7 Nxe7 23. Qf2 Ng6 24. Ne2 Qc7 25. Rd2 Rae8 26. Rfd1 d5 27. e5 Bf5 28. Ng3 Nh4 29. cxd5 cxd5 30. Bxd5 Qa5 31. Bxa7 Bg6 32. Bb6 Qb5 33. a4 Qd7 34. Bc4 Qc8 35. Bb5 Re6 36. Bd7 Qc3 37. Bxe6 Nf3+ 38. Kg2 Nxd2 39. Qxd2 Qxd2+ 40. Rxd2 fxe6 41. Rd7 Bc2 42. a5 Bxb3 43. Kf2 Bh6 44. Nh5 Nf8 45. Rxb7 Bd5 46. Rf7 Ng6 47. Nf6 Rg7 48. Rxg7 Kxg7 49. Nxd5 exd5 50. a6 Ne7 51. a7 Nc6 52. a8Q Bxf4 53. Qxc6 Bxe5 54. Qxd5 1-0

[Event "Titled Tuesday intern op 01st Aug Early"]
[Site "Chess.com INT"]
[Date "2023.08.01"]
[Round "6"]
[White "Kirillov, Dmitry1111"]
[Black "Lohani, Sujana"]
[Result "1-0"]
[WhiteElo "2206"]
[BlackElo "1756"]
[PlyCount "73"]
[EventDate "2023.08.01"]
[EventType "swiss (blitz)"]
[EventRounds "11"]
[EventCountry "USA"]
[SourceTitle "EXT 2024"]
[Source "ChessBase"]
[SourceDate "2023.10.10"]
[SourceVersion "1"]
[SourceVersionDate "2023.10.10"]
[SourceQuality "1"]

1. d4 Nf6 2. Nf3 d6 3. g3 g6 4. Bg2 Bg7 5. 0-0 0-0 6. c4 c5 7. Nc3 cxd4 8. Nxd4 a6 9. b3 Qc7 10. Bb2 Nc6 11. Nc2 Rb8 12. Ne3 Be6 13. Rc1 Qd7 14. Ned5 Bxd5 15. cxd5 Ne5 16. h3 h5 17. f4 Neg4 18. hxg4 Nxg4 19. Qd2 Qd8 20. Bf3 Qb6+ 21. Kh1 Ne3 22. Rg1 Nf5 23. Na4 Qf2 24. Rg2 Nxg3+ 25. Kh2 Nf1+ 26. Rxf1 Qxf1 27. Bxg7 Kxg7 28. Qd4+ Kg8 29. Rg1 e5 30. dxe6 Qxg1+ 31. Qxg1 b5 32. exf7+ Kxf7 33. Bd5+ Kf6 34. Qg5+ Kg7 35. Nc3 Rf5 36. Qe7+ Kh6 37. e3 1-0

[Event "Titled Tuesday intern op 01st Aug Early"]
[Site "Chess.com INT"]
[Date "2023.08.01"]
[Round "7"]
[White "Lohani, Sujana"]
[Black "Mayaud, Raphael"]
[Result "0-1"]
[WhiteElo "1756"]
[BlackElo "2201"]
[PlyCount "72"]
[EventDate "2023.08.01"]
[EventType "swiss (blitz)"]
[EventRounds "11"]
[EventCountry "USA"]
[SourceTitle "EXT 2024"]
[Source "ChessBase"]
[SourceDate "2023.10.10"]
[SourceVersion "1"]
[SourceVersionDate "2023.10.10"]
[SourceQuality "1"]

1. d4 Nf6 2. Nf3 d5 3. g3 c6 4. Bg2 Bf5 5. 0-0 e6 6. c4 Nbd7 7. Nc3 h6 8. Qb3 Qb6 9. c5 Qxb3 10. axb3 a6 11. b4 Rc8 12. Bf4 Be7 13. h4 0-0 14. h5 Rfe8 15. Nh2 Bd8 16. g4 Nxg4 17. e4 dxe4 18. Nxe4 Bxe4 19. Bxe4 Nxh2 20. Kxh2 Bc7 21. Bxc7 Rxc7 22. Rg1 Nf6 23. Bf3 Rd7 24. Rg2 Red8 25. Rag1 Ne8 26. d5 exd5 27. Bd1 Kf8 28. f4 Re7 29. f5 f6 30. Bb3 Nc7 31. Rd2 Rde8 32. Rgg2 Re4 33. Rd3 Rxb4 34. Rdg3 Re7 35. Bc2 Rh4+ 36. Kg1 Rxh5 0-1

[Event "Titled Tuesday intern op 25th Jul Early"]
[Site "Chess.com INT"]
[Date "2023.07.25"]
[Round "7"]
[White "Sailer, Mike L"]
[Black "Lohani, Sujana"]
[Result "1-0"]
[WhiteElo "2109"]
[BlackElo "1756"]
[PlyCount "53"]
[EventDate "2023.07.25"]
[EventType "swiss (blitz)"]
[EventRounds "11"]
[EventCountry "USA"]
[SourceTitle "EXT 2024"]
[Source "ChessBase"]
[SourceDate "2023.10.10"]
[SourceVersion "1"]
[SourceVersionDate "2023.10.10"]
[SourceQuality "1"]

1. d4 Nf6 2. Nc3 g6 3. e4 d6 4. Bg5 Bg7 5. e5 dxe5 6. dxe5 Qxd1+ 7. Rxd1 Ng4 8. h3 Nxe5 9. Nd5 0-0 10. Nxc7 Nbc6 11. Nxa8 Bf5 12. Nc7 Bxc2 13. Rc1 Be4 14. f3 Bf5 15. g4 Bd3 16. f4 Bxf1 17. Kxf1 Nd3 18. Rd1 Nxb2 19. Rd7 e6 20. Nf3 Nc4 21. Rh2 Nb6 22. Rd1 Rc8 23. Nb5 a6 24. Nd6 Rc7 25. Rc2 Rd7 26. Ke2 Nd5 27. Nxb7 1-0

[Event "Titled Tuesday intern op 18th Jul Early"]
[Site "Chess.com INT"]
[Date "2023.07.18"]
[Round "9"]
[White "Clawitter, Craig"]
[Black "Lohani, Sujana"]
[Result "1-0"]
[WhiteElo "2050"]
[BlackElo "1756"]
[PlyCount "57"]
[EventDate "2023.07.18"]
[EventType "swiss (blitz)"]
[EventRounds "11"]
[EventCountry "USA"]
[SourceTitle "EXT 2024"]
[Source "ChessBase"]
[SourceDate "2023.10.10"]
[SourceVersion "1"]
[SourceVersionDate "2023.10.10"]
[SourceQuality "1"]

1. e4 c5 2. Nf3 Nc6 3. d4 cxd4 4. Nxd4 g6 5. Nc3 Bg7 6. Be3 Nf6 7. Bc4 0-0 8. Bb3 d6 9. f3 Bd7 10. Qd2 Nxd4 11. Bxd4 a6 12. 0-0-0 b5 13. h4 h5 14. Nd5 Nxd5 15. Bxg7 Kxg7 16. Bxd5 Rc8 17. g4 hxg4 18. h5 Rh8 19. Qf4 e6 20. hxg6 Qf6 21. Qxd6 exd5 22. Qxd7 Rhd8 23. Rh7+ Kxg6 24. Qxg4+ Kxh7 25. Rh1+ Qh6+ 26. Rxh6+ Kxh6 27. Qf4+ Kg7 28. e5 Rc6 29. Qg5+ 1-0

[Event "Titled Tuesday intern op 04th Jul Early"]
[Site "Chess.com INT"]
[Date "2023.07.04"]
[Round "3"]
[White "Fajdetic, Hrvoje"]
[Black "Lohani, Sujana"]
[Result "1-0"]
[WhiteElo "2151"]
[BlackElo "1756"]
[PlyCount "83"]
[EventDate "2023.07.04"]
[EventType "swiss (blitz)"]
[EventRounds "11"]
[EventCountry "USA"]
[SourceTitle "EXT 2024"]
[Source "ChessBase"]
[SourceDate "2023.10.10"]
[SourceVersion "1"]
[SourceVersionDate "2023.10.10"]
[SourceQuality "1"]

1. f4 c5 2. Nf3 Nc6 3. e4 a6 4. a4 e6 5. d3 d5 6. e5 Nh6 7. c3 d4 8. c4 Be7 9. Nbd2 0-0 10. Ne4 f6 11. exf6 Bxf6 12. Be2 b6 13. 0-0 a5 14. Nxf6+ Qxf6 15. Ng5 Bb7 16. Bf3 Nf5 17. Be4 h6 18. Nxe6 Qxe6 19. Bd5 Rae8 20. Re1 Rf6 21. Qg4 Ne3 22. Bxe3 Qxd5 23. cxd5 dxe3 24. dxc6 Bxc6 25. Rac1 Kh7 26. g3 Rd6 27. Qe2 Bxa4 28. b3 Bxb3 29. Qb2 Bd5 30. Qc3 Bf7 31. Rb1 Bg6 32. Rbd1 Bf5 33. Kg2 Bg4 34. Rb1 e2 35. h3 Bh5 36. g4 Bf7 37. Rb2 Bd5+ 38. Kg3 Rde6 39. Rbxe2 Rxe2 40. Rxe2 Rxe2 41. f5 Re3+ 42. Kh4 1-0

[Event "Titled Tuesday intern op 04th Jul Early"]
[Site "Chess.com INT"]
[Date "2023.07.04"]
[Round "5"]
[White "Vidruska, Renate"]
[Black "Lohani, Sujana"]
[Result "1-0"]
[WhiteElo "1993"]
[BlackElo "1756"]
[PlyCount "53"]
[EventDate "2023.07.04"]
[EventType "swiss (blitz)"]
[EventRounds "11"]
[EventCountry "USA"]
[SourceTitle "EXT 2024"]
[Source "ChessBase"]
[SourceDate "2023.10.10"]
[SourceVersion "1"]
[SourceVersionDate "2023.10.10"]
[SourceQuality "1"]

1. e4 c5 2. Nf3 Nc6 3. d4 cxd4 4. Nxd4 g6 5. Nc3 Bg7 6. Be3 Nf6 7. Bc4 0-0 8. Bb3 d6 9. f3 Qb6 10. Nf5 Qa6 11. Ng3 b5 12. 0-0 Ne5 13. h4 Nc4 14. Bxc4 bxc4 15. h5 Rb8 16. Qc1 Qb7 17. Rb1 Be6 18. Kf2 Rfc8 19. Rh1 d5 20. e5 Nd7 21. f4 d4 22. Bxd4 Nc5 23. hxg6 hxg6 24. Qe3 Nd7 25. f5 gxf5 26. Qg5 Kf8 27. Nh5 1-0

[Event "Titled Tuesday intern op 20th Jun Early"]
[Site "Chess.com INT"]
[Date "2023.06.20"]
[Round "1"]
[White "Ismayil, Malak"]
[Black "Lohani, Sujana"]
[Result "1-0"]
[WhiteElo "2158"]
[BlackElo "1753"]
[PlyCount "87"]
[EventDate "2023.06.20"]
[EventType "swiss (blitz)"]
[EventRounds "11"]
[EventCountry "USA"]
[SourceTitle "EXT 2024"]
[Source "ChessBase"]
[SourceDate "2023.10.10"]
[SourceVersion "1"]
[SourceVersionDate "2023.10.10"]
[SourceQuality "1"]

1. e4 c5 2. Nf3 Nc6 3. Bb5 g6 4. Bxc6 bxc6 5. d4 Bg7 6. 0-0 cxd4 7. Nxd4 Qb6 8. Nb3 Nf6 9. Nc3 0-0 10. Be3 Qc7 11. h3 a5 12. Qd2 a4 13. Nd4 Ba6 14. Rfe1 Rfb8 15. Rab1 Qa5 16. Nf3 a3 17. b3 d6 18. Bg5 h6 19. Bxf6 Bxf6 20. Nd5 Qxd2 21. Nxf6+ Kg7 22. Nxd2 Kxf6 23. f4 Kg7 24. c4 e6 25. Rbc1 Rd8 26. Nb1 d5 27. cxd5 cxd5 28. exd5 Rxd5 29. Rcd1 Rad8 30. Nc3 Rd2 31. b4 R8d4 32. b5 Bb7 33. Rxd2 Rxd2 34. Re2 Rd4 35. Kf2 Rxf4+ 36. Ke3 Rb4 37. Kd3 Rb2 38. Rxb2 axb2 39. g3 Kf6 40. Kc2 Ke5 41. Kxb2 Kd4 42. Kb3 e5 43. a4 Kc5 44. a5 1-0

[Event "Titled Tuesday intern op 20th Jun Early"]
[Site "Chess.com INT"]
[Date "2023.06.20"]
[Round "2"]
[White "Lohani, Sujana"]
[Black "Korol, Dimitry"]
[Result "0-1"]
[WhiteElo "1753"]
[BlackElo "2287"]
[PlyCount "78"]
[EventDate "2023.06.20"]
[EventType "swiss (blitz)"]
[EventRounds "11"]
[EventCountry "USA"]
[SourceTitle "EXT 2024"]
[Source "ChessBase"]
[SourceDate "2023.10.10"]
[SourceVersion "1"]
[SourceVersionDate "2023.10.10"]
[SourceQuality "1"]

1. d4 Nf6 2. Nf3 g6 3. c4 c5 4. d5 b5 5. cxb5 a6 6. b6 d6 7. Nc3 Nbd7 8. e4 Bg7 9. Bd3 0-0 10. 0-0 Nxb6 11. h3 e6 12. Bg5 exd5 13. exd5 h6 14. Bh4 Bb7 15. Bc2 Re8 16. Qd3 Qd7 17. Bxf6 Bxf6 18. Rad1 a5 19. b3 Ba6 20. Qd2 Bxf1 21. Rxf1 Bg7 22. Rd1 a4 23. bxa4 Nc4 24. Qf4 Nb2 25. Ne4 Nxd1 26. Bxd1 Rad8 27. Bc2 Qe7 28. Nh4 g5 29. Qf5 gxh4 30. f3 Qe5 31. Qg4 Kf8 32. Qxh4 Rb8 33. Qf2 f5 34. Nd2 Qd4 35. Qxd4 Bxd4+ 36. Kh2 Rb2 37. Bxf5 Rxd2 38. Be6 Be5+ 39. Kg1 Bg3 0-1